000
00231nam a22000857a 4500
008
161205b xxu||||| |||| 00| 0 eng d
100
_9
1802
_a
Singh.R
245
_a
Together with the action words
260
_a
NEW DELHI
_b
RACHNA SAGAR
_c
2008
999
_c
4515
_d
4515